000 00354nam a22001577a 4500
003 OSt
005 20211008142032.0
008 211008b |||||||| |||| 00| 0 eng d
020 _a674947401
040 _aHU
_cDDC
082 _a342.03
245 _aTHE WARREN COURT
260 _aLONDON
_bOXFORD
_c1968
300 _a140,P,20CM
942 _2ddc
_cBOOKS
_n0
999 _c10829
_d10829